LDR 01516nam a2200325 4500 001 000000367937 003 CaOOAMICUS 005 20260527150719.0 008 260527s2005 it 000 u ita r 020 $a88-498-1267-1 040 $aSeMil$bita 100 1 $aNovak, Michael,$d<1933-2017>.$0(OLS)http://semarc/name/90467 240 13$aOn cultivating liberty.$0(OLS)http://semarc/title/459945 245 10$aColtivare la libertà :$briflessioni sull'ecologia morale /$cMichael Novak ; a cura di Brian C. Anderson ; edizione italiana a cura di Flavio Felice ; prefazione di Giuseppe Valditara. 264 1$aSoveria Mannelli :$bRubbettino,$c2005. 300 $aXXXVII, 309 p. ;$c23 cm 490 1 $aSaggi ;$v168 490 1 $aIl pensiero Neocon 700 1 $aAnderson, Brian C.$0(OLS)http://semarc/name/124468 700 1 $aFelice, Flavio,$d<1969- >.$0(OLS)http://semarc/name/8561 700 1 $aValditara, Giuseppe,$d<1961- >.$0(OLS)http://semarc/name/124469 830 0$aSaggi ;$v168.$0(OLS)http://semarc/title/341 830 3$aIl pensiero Neocon.$0(OLS)http://semarc/title/459947 850 $aSeMil 852 $aSeMil$W1$xVenegono$y1$B258593$CSeMilBibl$Z2$F258593 $81 961 $aBuzzi mons. Franco - Omaggio 996 $6020$a88-498-1267-1$9(OLS)http://semarc/number/306003 996 $6245$aColtivare la libertà :$briflessioni sull'ecologia morale$9(OLS)http://semarc/title/459946 996 $6264$aSoveria Mannelli :$bRubbettino$9(OLS)http://semarc/publisher/32145